Chrabrý otec Anton Hlinka

Bibliographic Details
Main Author: Oľha, Štefan, 1936-2009 (Author)
Format: Article
Language:Slovak
PhysicalDescription:Fotogr.
ISSN:1335-3470
Subjects:
Online Access:http://www.kultura-fb.sk/new/old/archive/pdf/kult1009.pdf

MARC

LEADER 00000nab a2200000 a 4500
001 vtls010039818
003 SK-MaSNL
005 20260303045648.0
008 140512c2009 xo mr|p||||||||00 ||slo
015 |a SNBRB2010/01  |2 snkbucl 
038 |a SNKBUCL 
040 |a SNKBUCL  |b slo  |e AACR2  |c SNKBUCL 
041 0 |a slo 
044 |a xo  |c SK 
080 |a 272/273-726.3  |2 2001 
080 |a 929 Hlinka, Anton  |2 2001 
100 1 |a Oľha, Štefan,  |d 1936-2009  |4 aut  |9 110776 
245 1 0 |a Chrabrý otec Anton Hlinka  |c Štefan Oľha 
300 |b Fotogr. 
600 1 7 |a Hlinka, Anton,  |d 1926-2011  |2 snkbucl  |9 92283 
650 0 7 |a spomienky  |2 snkbucl  |9 55795 
773 0 |t Kultúra  |g Roč. XII, č. 10 (2009), s. 8  |x 1335-3470 
852 |a SNK  |b KIS3GCP 
856 4 1 |u http://www.kultura-fb.sk/new/old/archive/pdf/kult1009.pdf 
958 |a BX 
999 |c 1704549  |d 1706479